00877nam a22002417a 450000500170000001000130001702000100003003500130004003700160005304000120006908200160008110000280009724500680012526000420019327000540023530000230028950000410031265000220035365000280037594200250040399900190042895201880044720170124110025.0 aA-409673 c36.00 aA-409673 bCen Lib/Ret aDPLbEN a332.51bGUP aGupta, Rajendra 920509 aTheories of inflation :cby Richard Goode bcritical analysis / bAtlantic publishers aNew Delhic1990 bNew Delhie110002a4215/1, Ansari road, Drayaganj aix,108p.c20cm(Hb) aIncludes bibliographical references  aEconomics 920510 aInflation theory920511 2ddccENh332.41mGUP c127441d127441 04104070aLbLd2015-06-29eCen Lib/Retg0.00l0o332.51 GUPpA-409673r2015-06-29 00:00:00t1v0.00w2015-06-29yENzWritten off on approval by DLB (By Circulation); dtd 15-06-2023